Top 10 Bundesliga Teams mit den Meisten Nationalspielern - Statistiken

Allgemein
  • Dieses Quiz wurde 709 mal gespielt
  • Das Durchschnittsergebnis liegt bei 9 aus 10
Antwortstatistiken
Hint Antwort Spieler % Korrekt
1. Bayern 18
100%
3. Dortmund 11
99%
2. Leipzig 14
94%
5. Leverkusen 8
94%
4. Frankfurt 10
87%
7. Gladbach 7
87%
10. Freiburg 6
86%
8. Wolfsburg 6
81%
9. Stuttgart 6
79%
6. Hoffenheim 8
75%
Keine übereinstimmenden Quizze gefunden
Verteilung der Resultate
Anzahl Personen mit jedem Resultat
Perzentil nach korrekt beantworteten Fragen
Ihre Resultats-Entwicklung
Sie haben dieses Quiz noch nicht gespielt